000 00766nam a2200265Ia 4500
005 20260302115550.0
008 008 260114s9999 xx 000 0 eng d
020 _a9781474220705
037 _aTextbook
040 _aCRL
040 _beng
040 _cCRL
041 _2eng
041 _aeng
084 _qCRL
100 _aKatya Bloom, Barbara Adrian, Tom Casciero, Jennifer Mizenko and Claire Porter
_91122008
245 4 _aThe Laban Workbook for Actors A Practical Training Guide with Video
260 _bBloomsbury
260 _bMethuen Drama
260 _c2017
650 _aLiterary Studies
856 _uhttps://doi.org/10.5040/9781474220705?locatt=label:secondary_bloomsburyCollections
942 _cEBOOK
999 _c1686669
_d1686669